000 01305nam a2200313 i 4500
003 EG-GICUC
005 20260415171739.0
008 260415s1891 fr ||||fr|||| 000 0 fre d
040 _aEG-GiCUC
_cEG-GiCUC
_dEG-GiCUC
_eRda
_bfre
041 0 _afre
082 0 4 _221
_a343.1
_bB L . E
092 0 4 _221
099 _aLAW1 10 343.1 B L . E 1891
100 1 _aBlanche, Antoine
_eAuteur
245 1 0 _aEtudes Pratiques Sur Le Code Pénal.
_nSeptième Étude Livre Quatrième,
_p. Des Contraventions De Police Et De Leurs Peines: Disposi-tion Générale Sur L'abrogation Des Lois Et Réglements Relatifs Aux Matières Criminelles (Art. 464 À 484) /
_bPar Antoine Blanche ; Gustave Dutruc
250 _a2º Edition /
_bAnnotée et mise au courant de la législation et de la jurisprudence.
264 1 _aparis :
_bImprimerie Et Librairie Générale De Jurisprudence,
_c1891.
300 _a702 page, pagination diverse ؛
_c24 cm.
336 _2rda contenu
_a texte
337 _2rda medias
_aOrdinateur
338 _2 transporteur rda
_a Ressource en ligne
546 _aTexte en français
650 1 _aDroit pénal
_2qrmak
651 1 _2qrmak
700 0 _aGustave Dutruc
_eContributeur
856 4 0 _uhttps://fll.law.cu.edu.eg/fulltext/bks/B10-00329.pdf
905 _aOmar
942 _2ddc
_cBK
_e21
_n0
999 _c71176
_d71176